Normal view
MARC view
Entry Personal Name
001 - CONTROL NUMBER
- control field: 11254
003 - CONTROL NUMBER IDENTIFIER
- control field: OSt
005 - DATE AND TIME OF LATEST TRANSACTION
- control field: 20161027145033.0
008 - FIXED-LENGTH DATA ELEMENTS
- fixed length control field: 161027|| aca||aabn | a|a d
040 ## - CATALOGING SOURCE
- Original cataloging agency: OSt
- Transcribing agency: OSt
100 ## - HEADING--PERSONAL NAME
- Personal name: Rosi Braidotti [et....al.]
670 ## - SOURCE DATA FOUND
- Source citation: Work cat.: (OSt)3170: Rosi Braidotti [et....al.], Women, the environment and sustainable development :, 1994.
